000 00239nam a2200085Ia 4500
245 0 _aDie Bybel vir kleingoed
100 _a LANE, Leena Wellington, 2003 1ste uitg
_9104596
942 _cBK
008 210818s9999 xx 000 0 und d
999 _c473379
_d473378